| 000 | 00557nam a2200241Ia 4500 | ||
|---|---|---|---|
| 008 | 210210b1928 xxu||||| |||| 00| 0 eng d | ||
| 041 | _aeng | ||
| 082 | _a387/10 | ||
| 100 | _aHOUGHTON (H W) | ||
| 245 | _aRational arithmetic for commercial students Ed 3 | ||
| 250 | _a | ||
| 260 |
_aLondon _bGregg Publishing Division, _c1928 |
||
| 300 | _axi,390 | ||
| 650 | _astudents | ||
| 650 | _aRational | ||
| 650 | _afor | ||
| 650 | _aEd | ||
| 650 | _acommercial | ||
| 650 | _aarithmetic | ||
| 650 | _a3 | ||
| 690 | _aArithmetics | ||
| 906 | _a005654 | ||
| 999 |
_c125689 _d125689 |
||